|
|
|
|
| LEADER |
00000csc a2200000 a 4500 |
| 001 |
60577 |
| 005 |
20230921164954.0 |
| 008 |
000000|1979 ||||||||r|||||||||||spa|| |
| 020 |
|
|
|a 8473670957
|
| 040 |
|
|
|b spa
|
| 041 |
1 |
|
|a spa
|
| 082 |
0 |
|
|a 335.4
|
| 100 |
1 |
|
|a Labriola, Antonio.
|d 1861-1904
|q (Antonio Labriola),
|9 210428
|
| 245 |
|
|
|a En memoria del manifiesto comunista
|c Antonio Labriola
|h imp
|
| 264 |
|
|
|a Barcelona
|b Fontamara
|c 1979
|
| 300 |
|
|
|a 95 páginas:
|c 17.5 cm
|
| 650 |
1 |
|
|a Marxismo
|
| 650 |
1 |
|
|a Manifiesto comunista
|9 26954
|
| 650 |
1 |
|
|a Comunismo
|
| 852 |
|
|
|a UC-CDJBV
|c ESTANTERIA CERRADA
|f Compra
|k sara.alvarado
|l 1
|m General
|p 00000000
|r 2
|t 60577
|b 0
|d CDRC
|e CDRC
|g 335.4 ESTANTERIA CERRADA
|z 0000-00-00
|
| 942 |
|
|
|
| 999 |
|
|
|c 122027
|d 122027
|